000 00583nam a2200193Ia 4500
003 GCL
008 140319s9999 xx 000 0 ara d
020 _a428291977
040 _aGCL /
_cGCL
082 0 4 _a813.03
_bا هـ
100 1 _aاشرف العوضى
245 1 0 _aالهيش /
_cاشرف العوضى
250 _aالاولى
260 _aالقاهرة :
_bمركز الحضارة العربية للاعلام والنشر ،
_c2003
300 _a94 ص ؛
_c16 سم
650 0 4 _aالقصص العربية
650 0 4 _aالقصة العربية
942 _2ddc
_cBK
999 _c5114
_d5114